=LDR 00000nam 2200000 4500 =001 INLIS000000000021934 =005 20130612120738 =008 ***********************************Ind** =035 ##$$0010-061300000021934 =041 ##$$a Ind =082 ##$$a 658.500 76 =090 ##$$a 658.500 76, Har m =100 ##$$a Handoko, T. Hani =245 ##$$a Manajemen produksi dan operasi latihan pemecahan soal, Dr. T. Hani Handoko, M.B.A =260 ##$$a 1982 $b Yogyakarta =300 ##$$a viii, 248 hlm, 28 cm =650 ##$$a Manajemen Produksi =850 ##$$a NBPNMAT =990 ##$$a 0001/BPAP-NTB/20142015